Adaptive counseling and therapy : a systematic approach to selecting effective treatments /

Bibliographic Details
Main Author: Howard, George S.
Other Authors: Nance, Don, Myers, Pennie
Format: Book
Language:English
Published: San Francisco : Jossey-Bass, 1987.
Edition:1st ed.
Series:Jossey-Bass social and behavioral science series.
Subjects:

MARC

Tag First Indicator Second Indicator Subfields
LEADER 00000cam a2200000 a 4500
001 in00000017336
005 20151007053528.0
008 870106s1987 caua b 00110 eng d
010 |a  86033756  
020 |a 1555420389 (alk. paper) 
035 |a (OCoLC)15107969 
035 |9 AAB1968AM 
040 |a DNLM/DLC  |c DLC  |d m/c  |d TXA  |d UtOrBLW 
049 |a TXAM  |c [A12611571] 
050 0 0 |a RC480.5  |b .H69 1987 
060 0 |a WM 420 H849a 
082 0 |a 616.89/14  |2 19 
100 1 |a Howard, George S. 
245 1 0 |a Adaptive counseling and therapy :  |b a systematic approach to selecting effective treatments /  |c George S. Howard, Don W. Nance, Pennie Myers. 
250 |a 1st ed. 
264 1 |a San Francisco :  |b Jossey-Bass,  |c 1987. 
300 |a xviii, 213 pages :  |b illustrations ;  |c 23 cm. 
336 |a text  |b txt  |2 rdacontent 
337 |a unmediated  |b n  |2 rdamedia 
338 |a volume  |b nc  |2 rdacarrier 
490 1 |a The Jossey-Bass social and behavioral science series 
504 |a Bibliography: pages 205-210. 
500 |a Includes index. 
650 0 |a Psychotherapy. 
650 0 |a Counseling. 
650 0 |a Psychiatry  |x Differential therapeutics. 
700 1 |a Nance, Don. 
700 1 |a Myers, Pennie. 
830 0 |a Jossey-Bass social and behavioral science series. 
999 |a MARS 
999 f f |s eaf31829-400b-3909-96ba-11ad56081b69  |i ddc39cd4-bffb-3415-80b7-3bef240b608b  |t 0 
952 f f |p ric  |a Texas A&M University  |b Rellis Campus  |c Joint Library Facility  |d Remote Storage  |t 0  |e RC480.5 .H69 1987  |h Library of Congress classification  |i unmediated -- volume  |m A14812611571 
998 f f |a RC480.5 .H69 1987  |t 0  |l Remote Storage